You and your heart / (Record no. 169770)

MARC details
000 -LEADER
fixed length control field 00645nam a22002297a 4500
005 - DATE AND TIME OF LATEST TRANSACTION
control field 20191203143050.0
010 ## - LCCN (DPL NO)
LC control number B-094576
020 ## - INTERNATIONAL STANDARD BOOK NUMBER
Terms of availability 00.00
International Standard Book Number 8123908377
035 ## - SYSTEM CONTROL NUMBER
System control number B-094576
037 ## - SOURCE OF ACQUISITION
Source of stock number/acquisition Cen Lib/Ret
082 ## - DEWEY DECIMAL CLASSIFICATION NUMBER
Classification number 616.12
Item number LUT
100 ## - MAIN ENTRY--PERSONAL NAME
Personal name Luthra, Atul
245 ## - TITLE STATEMENT
Title You and your heart /
Statement of responsibility, etc by Atul Luthra
246 ## - VARYING FORM OF TITLE
Remainder of title
260 ## - PUBLICATION, DISTRIBUTION, ETC. (IMPRINT)
Name of publisher, distributor, etc CBS Publishers
Date of publication, distribution, etc 2002
Place of publication, distribution, etc New Delhi
270 ## - ADDRESS
Address 4596/1-A, Ansari Raod, Darya Ganj
City New Delhi
Postal code 110002
300 ## - PHYSICAL DESCRIPTION
Extent xiii,248p. :
Dimensions 19cm(Hb)
Other physical details ill.
500 ## - GENERAL NOTE
General note Includes index
650 ## - SUBJECT ADDED ENTRY--TOPICAL TERM
Topical term or geographic name as entry element The Human heart
650 ## - SUBJECT ADDED ENTRY--TOPICAL TERM
Topical term or geographic name as entry element Diseases -- Heart
942 ## - ADDED ENTRY ELEMENTS (KOHA)
Source of classification or shelving scheme Dewey Decimal Classification
Item type English Books
Classification part 616.12
Call number suffix LUT
Holdings
Withdrawn status Lost status Not for loan Collection code Home library Current library Date acquired Cost, normal purchase price Full call number Barcode Cost, replacement price Koha item type
      Non-fiction Sarojini Nagar Sarojini Nagar 03/12/2019 100.00 616.12 LUT B-094576 100.00 English Books

© Delhi Public Library
Hit Counter
free hit counter